000
00374nam a22001577a 4500
003
MPLRDC
005
20220104114041.0
008
210129b ||||| |||| 00| 0 eng d
082
_a
121.31 WJY
100
_a
吴静宇撰述
245
_a
老子义疏注
_c
260
_a
_b
环球书局
_c
1957
300
_b
平
650
_a
先秦哲学--老子
942
_c
BK
_o
121.31 WJY
999
_c
4427
_d
4417